00682 a2200193 4500003000400000005001700004008004100021020001800062040000900080082002000089100003200109245007400141250001200215260004200227300001000269942004600279952014600325999001700471OSt20231208095058.0231207b |||||||| |||| 00| 0 eng d a9789355496348 coclc a894.8123bLIM/T aLimbale, Sharankumar 91759 aThottukoodaymayude Katha= Tale of Untouchables /cSharankumar Limbale a1st ed. aKozhikode:bMathrubhumi Books,c2022. a168p. 2ddccBKh894.8123iLIM/Tk894.8123mLIM/T 00102ddc40708FICaMESbMEScMALd2023-12-07l3m1o894.8123 LIM/Tp43410r2025-07-14 11:39:58s2025-07-04v260.00w2023-12-07yBKzGR26R2 c44039d44039